| 000 | 00439nam a2200205Ia 4500 | ||
|---|---|---|---|
| 001 | 109702 | ||
| 003 | YMCAF | ||
| 005 | 20230512162400.0 | ||
| 008 | 100717s2003 ||||||||||||||||| ||und|d | ||
| 024 | _a109702 | ||
| 035 | _aWB689 | ||
| 040 |
_aYMCAF _beng _cIN-KoLT |
||
| 041 | _aeng | ||
| 082 | _a005.133C | ||
| 100 | _aSmiley, John | ||
| 245 | 0 | _aLearn to program with C | |
| 260 |
_bTMH _c2003 |
||
| 300 | _a622 | ||
| 942 |
_2ddc _cBK |
||
| 999 |
_c11594 _d11594 |
||